| 000 | 00507nam a2200169 a 4500 | ||
|---|---|---|---|
| 001 | 7391 | ||
| 003 | CO-ViMGA | ||
| 008 | 141112s2004 ck r 000 u spa d | ||
| 040 |
_aCO-ViMGA _bspa _cCO-ViMGA |
||
| 082 | 0 | 4 | _a658.15963 A254e |
| 245 | 1 | 0 |
_aAdministración de empresas agropecuarias : _bmanuales para la educación agropecuaria |
| 260 |
_aMexico : _bTrillas, _c1996 |
||
| 300 | _a112 p : il | ||
| 490 | _aAdministración rural, 50 | ||
| 650 | 1 | 4 |
_aADMINISTRACION AGROPECUARIA _96643 |
| 942 |
_2ddc _cBK |
||
| 999 |
_c19348 _d19348 |
||